000 00244nam a2200085Ia 4500
008 120527s9999 xx 000 0 und d
100 _aTAYLOR, David
245 _aThe use of donkeys horses and mules in the former ciskei region of the
942 _cBK
999 _c25137
_d25137